What's the hurry?/ (Record no. 190210)

MARC details
000 -LEADER
fixed length control field 00528nam a22001817a 4500
005 - DATE AND TIME OF LATEST TRANSACTION
control field 20220720150456.0
010 ## - LCCN (DPL NO)
LC control number ENG-133725
020 ## - INTERNATIONAL STANDARD BOOK NUMBER
International Standard Book Number 9789386473301
Terms of availability 399.00
035 ## - SYSTEM CONTROL NUMBER
System control number EN-117257
037 ## - SOURCE OF ACQUISITION
Source of stock number/acquisition DBAD/PUB
082 ## - DEWEY DECIMAL CLASSIFICATION NUMBER
Classification number 305.231
100 ## - MAIN ENTRY--PERSONAL NAME
Personal name Kapur, Malavika
245 ## - TITLE STATEMENT
Title What's the hurry?/
Statement of responsibility, etc Malavika Kapur
260 ## - PUBLICATION, DISTRIBUTION, ETC. (IMPRINT)
Place of publication, distribution, etc New Delhi
Name of publisher, distributor, etc Vitasta Publishing Pvt. Ltd.
Date of publication, distribution, etc 2018
270 ## - ADDRESS
Address 2/15, Ansari Road, Dariyaganj
City New Delhi
Postal code 110002
300 ## - PHYSICAL DESCRIPTION
Extent 289p.
Dimensions 21cm(pbk)
942 ## - ADDED ENTRY ELEMENTS (KOHA)
Source of classification or shelving scheme Dewey Decimal Classification
Item type English Books
Classification part 305.231
Call number suffix KAP
Holdings
Withdrawn status Lost status Not for loan Collection code Home library Current library Date acquired Source of acquisition Cost, normal purchase price Full call number Barcode Copy number Cost, replacement price Koha item type
      Non-fiction Bawana Bawana 20/07/2022 DBAD/PUB 399.00 305.231 KAP EN-117257 1 399.00 English Books

© Delhi Public Library
Hit Counter
free hit counter